| 000 | 01178cam a2200337 i 4500 | ||
|---|---|---|---|
| 999 |
_c64941 _d64941 |
||
| 001 | 57434155 | ||
| 003 | OCoLC | ||
| 005 | 20190410101039.0 | ||
| 008 | 050106t20052005miu g b 001 0 eng | ||
| 010 | _a2005000169 | ||
| 020 | _a0801026415 (pbk.) | ||
| 020 | _a9780801026416 (pbk.) | ||
| 040 |
_aDLC _cCO-MdFUSB _dIG# _dBAKER _dBTCTA _dYDXCP _dCAP _dUtOrBLW _bspa _erda |
||
| 041 | _aeng | ||
| 042 | _apcc | ||
| 082 |
_224 _aG 230 _bF829c |
||
| 100 | 1 |
_aFranke, John R. _eautor |
|
| 245 | 1 | 4 |
_aThe character of theology _b: an introduction to its nature, task, and purpose _c/ John R. Franke. |
| 264 | 1 |
_aGrand Rapids, Michigan : _bBaker Academic, _c℗[2005] |
|
| 264 | 4 | _c©2005. | |
| 300 |
_a206 páginas ; _c23 cm. |
||
| 336 |
_2rdacontent. _atexto _btxt |
||
| 337 |
_2rdamedia. _asin mediación _bn |
||
| 338 |
_2rdacarrier. _avolumen _bnc |
||
| 501 | _aIncluye índice (páginas 199- 206) | ||
| 505 | 0 | _aHaciendo teología hoy -- El tema de la teología -- La naturaleza de la teología -- La tarea de la teología -- El propósito de la teología. | |
| 650 | 7 |
_aTeología doctrinal _9179 |
|
| 942 | _cBK | ||